NLSUI OPAC header image

Hot topics : Everyday environmental concerns (Record no. 13902)

MARC details
000 -LEADER
fixed length control field 00506nam a2200157Ia 4500
008 - FIXED-LENGTH DATA ELEMENTS--GENERAL INFORMATION
fixed length control field 160316s1999 xxu||||| |||| 00| 0 eng d
082 ## - DEWEY DECIMAL CLASSIFICATION NUMBER
Classification number 344.046000
Item number ABB
100 ## - MAIN ENTRY--PERSONAL NAME
Personal name Abbasi S A
245 ## - TITLE STATEMENT
Title Hot topics : Everyday environmental concerns
250 ## - EDITION STATEMENT
Edition statement
260 ## - PUBLICATION, DISTRIBUTION, ETC.
Place of publication, distribution, etc. New Delhi
Name of publisher, distributor, etc. Oxford University Press
Date of publication, distribution, etc. 1999
300 ## - PHYSICAL DESCRIPTION
Extent 208p
Other physical details
Dimensions xvii
365 ## - TRADE PRICE
Price amount Rs.495
650 ## - SUBJECT ADDED ENTRY--TOPICAL TERM
Topical term or geographic name entry element 1. Environmental Protection - Conservation<br/>2. Environmental Management<br/>3. Disaster Management
700 ## - ADDED ENTRY--PERSONAL NAME
Personal name Krishnakumari P
-- Khan F I
Holdings
Withdrawn status Lost status Damaged status Not for loan Home library Current library Shelving location Date acquired Cost, normal purchase price Total Checkouts Full call number Barcode Date last seen Price effective from Koha item type
        NLS NLS Library Compactors 30/05/2017 495.00   344.046 ABB 14201 30/05/2017 30/05/2017 BOOKs